000 01096nam a22002657a 4500
999 _c176
_d176
001 000716
003 CoMeUDC000716
005 20181031161534.0
008 970828s 1986colc 00010 mul d
037 _aC
040 _cCoMeUDC
092 _a309.1861
_bCh555o
100 2 0 _aChristie, Keith H.
245 1 0 _aOligarcas, campesinos y política en Colombia
_b: aspectos de la historia socio-política de la frontera antioqueña
_c/ Keith H. Christie ; tr. Fernán González
260 _aBogotá :
_bUniv. Nacional de Colombia ,
_c1986
300 _a262 p.
440 _aColección Roberto Luis Jaramillo
505 _aOligarcas y campesinos. Pestes sociales, confites y gamonales. Política regional y los orígenes de la violencia. Conclusiones. Bibliografía.
650 _aVIOLENCIA
_zCALDAS (COLOMBIA)
650 _aCLASES SOCIALES
_zCALDAS (COLOMBIA)
651 _aCALDAS (COLOMBIA)
_xCONDICIONES SOCIALES
942 _2ddc
_cBK
949 _a309.1861 Ch555o
_c1
949 _a986.135 Ch555o
_c2
_i39983000527608
_mBG
_lC.GENERAL
_tLIBRO
_kC.GENERAL
_o.COMMENT. 47105 / 17-08-87 /Tecniciencia